MDQL
is popping MORE tags! Check the
thread
!
Quizzes
Events
Quiz Creation
Community
Videos
Private Events
Remove Ads
Sign In
Join for FREE
Feedback
Dark Mode
Quiz Categories
Sports
Geography
Music
Movies
Television
Just For Fun
Miscellaneous
History
Literature
Language
Science
Gaming
Entertainment
Religion
Holiday
For Kids
Quiz Lab
Recent
Popular Today
Quiz Kudos Today
Editor Picks
Curator Picks
Quizzes by...
Day
Popularity
Type
Ratings
Length
Year
Community
Subscriptions
Recent Discussions
Orange Saloon
Badges
Playlists
Quests
Create
Leaderboards
Showdown
Live 5
Trivia Bingo
Activity
Puzzle Library
Sporcle Events
Private Events
Virtual Trivia
Globe League
Become a Host
Pub Owners
SporcleCon
Opinionation
Our Games
Videos
Blog
Mobile Apps
Partnerships
Remove Ads and Go Orange
Feedback
Geography
Country
Landmarks
City
State
Population
World
Capital
Continent
Flags
Europe
Africa
Asia
South America
North America
Oceania
Border
Canada
United Kingdom
Topography
United States
Geography
Country
Landmarks
City
State
Population
World
Capital
Continent
Flags
Europe
Africa
Asia
South America
North America
Oceania
Border
Canada
United Kingdom
Topography
United States
Random Quiz
Search Sporcle
×
Quiz Lab
Quiz Lab
Geography
Country
Type in answers that appear in a list
Type in answers that appear in a list
Classic
Best Score? Go Orange.
Countries with 8+ Letters Stats
Can you name the Countries with 8+ Letters?
By
spiffypants
10m
90 Questions
368 Plays
368 Plays
368 Plays
Comments
Comments
Give Quiz Kudos
Give Quiz Kudos
-
- Ratings
hide this ad
Replay
Link that replays current quiz
Next Quiz
Link to next quiz in quiz playlist
You Got
0%
They Got
Avg Score
84%
Avg Friend Score
Upgrade to see
Score Distribution
Jump to the score distribution portion of the page
Score
0/90
Timer
10:00
0
Plays Today
Continent
Countries
% Correct
South America
Argentina
98.1%
North America
United States of America
96.5%
South America
Venezuela
95.6%
Europe
United Kingdom
95.4%
South America
Paraguay
94.8%
Africa
South Africa
94.3%
Oceania
Australia
94.3%
South America
Colombia
94%
North America
Dominican Republic
93.5%
Africa
Democratic Republic of the Congo
93.5%
North America
Dominica
93.2%
Europe
Switzerland
93.2%
Asia
Uzbekistan
92.6%
Europe
Luxembourg
92.4%
Europe
Netherlands
92.4%
Asia
Kazakhstan
92.1%
Oceania
New Zealand
91.6%
South America
Suriname
91.3%
Europe
Bosnia and Herzegovina
91.3%
Europe
Lithuania
91%
Asia
North Korea
91%
Asia
South Korea
91%
Europe
Liechtenstein
90.7%
Asia
Turkmenistan
90.7%
Asia
Kyrgyzstan
90.5%
North America
Costa Rica
89.9%
North America
Guatemala
89.9%
Asia
Afghanistan
89.9%
North America
Trinidad and Tobago
89.6%
Africa
Central African Republic
89.6%
Continent
Countries
% Correct
North America
Antigua and Barbuda
89.4%
North America
Honduras
89.1%
Asia
Indonesia
89.1%
Asia
Tajikistan
89.1%
North America
St. Kitts and Nevis
88.8%
Asia
Pakistan
88.8%
North America
St. Vincent and the Grenadines
88.6%
Africa
Zimbabwe
88.6%
Asia
Azerbaijan
88.6%
Europe
Vatican City
88%
North America
Nicaragua
87.5%
Europe
Montenegro
87.5%
Europe
San Marino
87.5%
Asia
Saudi Arabia
87.5%
Europe
Macedonia
87.2%
Europe
Slovakia
87.2%
Europe
Slovenia
87.2%
North America
El Salvador
86.4%
Africa
Mauritania
86.4%
Europe
Portugal
86.1%
Africa
Seychelles
86.1%
North America
St Lucia
85.8%
Africa
Cote D'Ivoire
85.8%
Africa
Madagascar
85.8%
Oceania
Marshall Islands
85.8%
Europe
Czech Republic
85.6%
Asia
Mongolia
85.6%
Asia
Philippines
85.3%
Asia
Thailand
85.3%
Africa
Mauritius
85%
Continent
Countries
% Correct
Africa
Republic of the Congo
85%
Africa
Ethiopia
84.7%
Africa
Mozambique
84.5%
Europe
Bulgaria
84.2%
Oceania
Papua New Guinea
84.2%
Asia
Malaysia
84.2%
Africa
Guinea-Bissau
83.9%
Africa
Tanzania
83.4%
Asia
Cambodia
83.4%
Africa
South Sudan
83.2%
Asia
United Arab Emirates
83.2%
North America
Barbados
83.1%
Africa
Equatorial Guinea
83.1%
Oceania
Solomon Islands
82.8%
Africa
Cameroon
82.3%
Oceania
Micronesia
82.3%
Asia
Bangladesh
81.2%
Africa
Burkina Faso
80.9%
Africa
Swaziland
80.9%
Africa
Sao Tome and Principe
80.7%
Asia
Sri Lanka
80.7%
Africa
Sierra Leone
79%
Africa
Botswana
78.7%
Africa
Djibouti
78.7%
Asia
Singapore
78.7%
Asia
Maldives
78.5%
Africa
Cape Verde
78.2%
Asia
Timor-Leste
76.6%
Oceania
Kiribati
73.6%
Africa
The Gambia
52.3%
Quiz Playlist
Details
Report
Send in Message
Add To Playlist
Classic:
Type in answers that appear in a list
Last Updated: Feb 16, 2017
Quiz Scoreboard
CHALLENGE
Sign Up to Join the Scoreboard
Show All
Scores
Hide
Comments
May contain spoilers
Recently Published
Colored Red Africa Blitz
by spor1
Geography
30s
Find the 'City' Movie
by crazypaving
Movies
60s
5x2 Blitz: Bands
by SL_Kpop136
Music
30s
More to Explore
Quiz From the Vault
Featured Blog Post
14 Easter Pick-up Lines to Find Eggs With
hide this ad
You Might Also Like...
Tags
Country Quiz
Letter Quiz
8-letter
Today's Top Quizzes in Geography
Browse Geography
hide this ad
Today's Top Quizzes in Country
Browse Country
Top Contributed Quizzes in Geography
1
Countries of the World - No Outlines Minefield
2
Colored Red Africa Blitz II
3
Colored Red Europe Blitz I
4
Colored Red Europe Blitz II
5
Colored Red Africa Blitz III
6
Colored Red Europe Blitz III
7
Colored Red States Blitz II
8
Country Trivia Logic Puzzle II
9
Colored Red States Blitz I
10
List All 50 US States
Explore More
Trending Topics
NBA
Marvel
Kpop
Disney
Harry Potter
Crossword
Anime
Song
NFL
Pokémon
The Office
WWE
Soccer
Country
Puzzle
hide this ad
More By:
spiffypants
Quiz
Plays
Rating
Category
Featured
Created
NBA Top 100 Players (2013)
3,066
1.79
Sports
Nov 23, 2013
NFL Starting QBs by team (10-13)
2,433
3.50
Sports
May 10, 2014
Highest Paid NBA Players 2013-2014
1,172
3.33
Sports
Feb 24, 2014
MLB Top 5 HR Hitters (2010's)
683
4.75
Sports
Jan 1, 2020
MLB Most Common Starting Lineups (2010s)
641
4.75
Sports
Nov 15, 2021
Go to Creator's Profile
Score Distribution
Quiz Creator Spotlight
spiffypants
Follow
Send a Message
Quizzes Created
-
Created Quiz Play Count
-
More By This Creator
Popular Quizzes Today
1
5x2 Blitz: Bands
2
Find the 'City' Movie
3
Colored Red Africa Blitz
4
Find the US States - No Outlines Minefield
5
The Countries of the World
6
Find the US States
7
9x9 Crossword: Cartoon Network
8
US States
More Geography Quizzes
World Cuisine 4: South Africa
Quiz Lab
Trending Quizzes
Colored Red Africa Blitz II
Colored Red Europe Blitz I
Christmas Pick: Judaism
Colored Red Africa Blitz III
Colored Red Europe Blitz II
Recently Updated
Champions League XIs: Real Madrid
pecheneg
Largest US Cities 1790-2010
pecheneg
Rides in Walt Disney World
pecheneg
Most Oscar Losses (Acting)
pecheneg
Beyoncé Albums
pecheneg
Leaping Animals
pecheneg
Reality TV Shows (A-Z)
bhenderson79
Rickey Henderson's Hall of Fame Teammates
pecheneg
Champions League XIs: Arsenal
pecheneg
Quick Pick: Celebrities in WWE's Hall of Fame
aduchscher
Trending Topics
Crossword
Kpop
Disney
Harry Potter
Anime
NBA
Marvel
Song
NFL
Country
Pokémon
Puzzle
The Office
WWE
Soccer
Your Account Isn't Verified!
In order to create a playlist on Sporcle, you need to verify the email address you used during registration. Go to your
Sporcle Settings
to finish the process.
Report this User
Report this user for behavior that violates our
Community Guidelines
.
Details:
Send Report
Go to the Sporcle.com Mobile Site →
Comments